000 01007nam a2200217 a 4500
003 AM-YEHGA
005 20260123115044.0
008 070906|1948 ai |||gr|||| 00||0|arm|d
040 _aAM-YEHGA
041 0 _aarm
100 1 _aԳասպարյան, Գասպար Կարապետի,
_d1901-1981
_93013
245 1 0 _aՀայ-ռուսական բառարանագրության ներդրումը հայ կուլտուրայի մեջ /
_cԳ. Գասպարյան; ՀՍՍՌ ԳԱ, Ն.Յա. Մառի անվ. լեզվի ին-տ.
260 _aԵրևան :
_bՀՍՍՌ ԳԱ հրատ.,
_c1948.
300 _aԷջ 193-291 :
_bաղյս. ;
_c21 սմ.
500 _aԱռանձնատիպ՝ «Աշխատությունների ժողովածուի» III հատորից, 1948 թ.
504 _aՄատենագիտ. տողատ. ծանոթ
650 1 4 _aԲառարանագրություն
_xԱռանձնատիպ
710 2 _aՆ. Մառի անվան լեզվի ինստիտուտ ՀՍՍՌ ԳԱ
942 _2udc
_cBK
001 476351
999 _c539188
_d539188